|
|
|
|
| LEADER |
00000nam a22000007i 4500 |
| 001 |
IT\ICCU\RT1\0042957 |
| 003 |
ItRI |
| 005 |
20250711182723.0 |
| 008 |
141030s1928 fr |||||| ||||| |||||c |
| 040 |
|
|
|b ita
|c ct
|
| 041 |
|
7 |
|a fre
|2 ISO-639-2
|
| 100 |
1 |
|
|a Loti, Pierre
|0 IT\ICCU\RAVV\034319
|4 aut
|
| 245 |
1 |
0 |
|a Matelot /
|c Pierre Loti.
|
| 260 |
|
|
|a Paris :
|b Calmann Lévy,
|c 1928
|
| 300 |
|
|
|a 241 p. ;
|c 18 cm.
|
| 500 |
|
|
|a In retrocoperta: 102. ed.
|
| 942 |
|
|
|2 ddc
|c BK
|
| 952 |
|
|
|0 0
|1 0
|2 ddc
|4 0
|6 B_LNR02LOTPIEMAT11
|7 1
|9 4514
|a MI
|b MI
|d 1987-05-31
|i 151
|l 0
|o B-LNR02-LOTPIE-MAT11
|p CDOM151
|r 2025-07-04 21:34:28
|w 2025-07-04
|x ACQUISTO
|y BK
|
| 981 |
|
1 |
|6 z01
|a i
|b xxxe
|
| 982 |
|
1 |
|6 z01
|a n
|
| 999 |
|
|
|c 4024
|d 4024
|